[Event "Lovfalds EMT 18th B"]
[Site "Ringsted"]
[Date "2004.09.18"]
[Round "2"]
[White "Brandt, Klaus P"]
[Black "Madsen, Morten"]
[Result "1-0"]
[WhiteElo "1805"]
[BlackElo "1829"]
[PlyCount "61"]
[EventDate "2004.09.17"]
[EventType "tourn"]
[EventRounds "5"]
[EventCountry "DEN"]
[SourceTitle "EXT 2023"]
[Source "ChessBase"]
[SourceDate "2022.10.05"]
[SourceVersion "1"]
[SourceVersionDate "2022.10.05"]
[SourceQuality "1"]

1. d4 c5 2. d5 d6 3. c4 b5 4. g3 a6 5. Bg2 g6 6. Nf3 Bg7 7. 0-0 Nf6 8. Re1 0-0 9. e4 Ra7 10. e5 Ne8 11. e6 fxe6 12. dxe6 bxc4 13. Ng5 Qb6 14. Nc3 Bd4 15. Nf7 Ng7 16. Nd5 Qb5 17. Bg5 Bxe6 18. Nh6+ Kh8 19. Nf4 Qxb2 20. Rb1 Qxf2+ 21. Kh1 Bf5 22. Re2 Qxe2 23. Nxe2 Bxb1 24. Qxb1 Ne6 25. Nf7+ Kg8 26. Bh6 Re8 27. Bd5 Kxf7 28. Nf4 Kf6 29. Nxe6 Nd7 30. Qe4 Be5 31. Qf3+ 1-0

[Event "Lovfalds EMT 18th B"]
[Site "Ringsted"]
[Date "2004.09.17"]
[Round "1"]
[White "Madsen, Morten"]
[Black "Wiecker, Stefan"]
[Result "0-1"]
[WhiteElo "1829"]
[BlackElo "1740"]
[PlyCount "88"]
[EventDate "2004.09.17"]
[EventType "tourn"]
[EventRounds "5"]
[EventCountry "DEN"]
[SourceTitle "EXT 2023"]
[Source "ChessBase"]
[SourceDate "2022.10.05"]
[SourceVersion "1"]
[SourceVersionDate "2022.10.05"]
[SourceQuality "1"]

1. d4 Nf6 2. c4 e6 3. Nc3 Bb4 4. Bg5 h6 5. Bh4 g5 6. Bg3 Ne4 7. Qc2 f5 8. e3 b6 9. a3 Bxc3+ 10. bxc3 Bb7 11. Nf3 d6 12. a4 Nd7 13. Nd2 0-0 14. f3 Nxd2 15. Qxd2 Qe7 16. Be2 e5 17. 0-0 Rae8 18. Bf2 e4 19. fxe4 Bxe4 20. Rfe1 Nf6 21. d5 a5 22. Ra2 Nd7 23. Bg3 Nc5 24. Bh5 Rb8 25. Be2 Qd7 26. Qd1 Qg7 27. Qd4 Rbe8 28. Qxg7+ Kxg7 29. Rf1 Kg6 30. h3 Bd3 31. Bxd3 Nxd3 32. Rf3 Re4 33. Rd2 Nc5 34. Rd4 Rfe8 35. h4 Nxa4 36. h5+ Kxh5 37. Rxf5 Kg6 38. Rf1 Nxc3 39. Rd2 Rxe3 40. Bf2 R3e4 41. Rc2 Ne2+ 42. Kh2 Nf4 43. g3 Nd3 44. Kg2 Re2 0-1

[Event "Lovfalds EMT 16th Master 3"]
[Site "Ringsted"]
[Date "2002.09.14"]
[Round "3"]
[White "Simonsen, Per"]
[Black "Madsen, Morten"]
[Result "1-0"]
[WhiteElo "1765"]
[BlackElo "1839"]
[PlyCount "105"]
[EventDate "2002.09.13"]
[EventType "tourn"]
[EventRounds "5"]
[EventCountry "DEN"]
[SourceTitle "EXT 2023"]
[Source "ChessBase"]
[SourceDate "2022.10.05"]
[SourceVersion "1"]
[SourceVersionDate "2022.10.05"]
[SourceQuality "1"]

1. d4 b6 2. e4 Bb7 3. f3 g6 4. c4 Bg7 5. Nc3 d6 6. Be3 Nd7 7. Qd2 c5 8. d5 a6 9. g4 Ne5 10. h3 Qc7 11. f4 Nd7 12. Bd3 0-0-0 13. Nf3 h5 14. g5 Re8 15. 0-0-0 Kb8 16. Rhf1 Ka8 17. Bc2 Bc8 18. Ba4 Rf8 19. Nh4 Nb8 20. Rf3 Bd7 21. Qc2 Rh7 22. f5 gxf5 23. exf5 Bxc3 24. bxc3 Bxa4 25. Qxa4 Rg7 26. Rd2 Ka7 27. Ng2 Nd7 28. Bf4 f6 29. g6 Ne5 30. Rf1 Rb8 31. Kc2 b5 32. cxb5 Rxb5 33. Rb1 Ra5 34. Qe4 Rxa2+ 35. Kd1 Qa5 36. Rxa2 Qxa2 37. Ne3 Qa3 38. Kc2 Qa5 39. Rb2 c4 40. Qd4+ Qc5 41. Bxe5 fxe5 42. Qxc5+ dxc5 43. Nxc4 Nf6 44. Na5 Rg8 45. Nc6+ Ka8 46. Nxe7 Re8 47. d6 e4 48. Rb6 Ka7 49. Rc6 e3 50. Kd3 Kb7 51. Rc7+ Kb8 52. Nc6+ Ka8 53. Ra7# 1-0

[Event "Lovfalds 15th C"]
[Site "Ringsted"]
[Date "2001.09.16"]
[Round "4"]
[White "Orio, Lars"]
[Black "Madsen, Morten"]
[Result "1/2-1/2"]
[WhiteElo "1767"]
[BlackElo "1823"]
[PlyCount "98"]
[EventDate "2001.09.14"]
[EventType "tourn"]
[EventRounds "5"]
[EventCountry "DEN"]
[SourceTitle "EXT 2023"]
[Source "ChessBase"]
[SourceDate "2022.10.05"]
[SourceVersion "1"]
[SourceVersionDate "2022.10.05"]
[SourceQuality "1"]

1. e4 e5 2. Nf3 f5 3. Nc3 d6 4. d4 exd4 5. Nxd4 fxe4 6. Nxe4 Be7 7. Bc4 g6 8. Bb3 d5 9. Qf3 c5 10. Ne2 Nc6 11. N4c3 c4 12. Ba4 Nf6 13. Bh6 Bg4 14. Qf4 Bxe2 15. Nxe2 Qa5+ 16. Nc3 Kf7 17. Bxc6 bxc6 18. 0-0 Rab8 19. Nd1 Rhd8 20. Bg5 d4 21. b3 c3 22. Re1 Qf5 23. Qxf5 gxf5 24. f3 Nd5 25. Bxe7 Nxe7 26. Nf2 Nd5 27. Nd3 Kf6 28. g3 Ne3 29. Re2 a5 30. Kf2 Ra8 31. a4 Rac8 32. f4 c5 33. Ne5 c4 34. bxc4 Nxc4 35. Rb1 Nb2 36. Ke1 d3 37. Nxd3 Nxd3+ 38. cxd3 Rxd3 39. Rb6+ Kf7 40. Rb7+ Kg8 41. Rc2 Rd4 42. Rb5 Re4+ 43. Kf2 Rxa4 44. Rxf5 Ra3 45. Rd5 a4 46. Ke3 Rb3 47. Kd3 a3 48. Ra5 Kg7 49. Ra6 Kf7 1/2-1/2

[Event "Lovfalds 14th B"]
[Site "Ringsted"]
[Date "2000.09.16"]
[Round "3"]
[White "Hovmoller, Kristian"]
[Black "Madsen, Morten"]
[Result "1-0"]
[WhiteElo "2072"]
[BlackElo "1886"]
[PlyCount "53"]
[EventDate "2000.09.15"]
[EventType "tourn"]
[EventRounds "5"]
[EventCountry "DEN"]
[SourceTitle "EXT 2023"]
[Source "ChessBase"]
[SourceDate "2022.10.05"]
[SourceVersion "1"]
[SourceVersionDate "2022.10.05"]
[SourceQuality "1"]

1. d4 c5 2. d5 d6 3. c4 g6 4. Nc3 Bg7 5. Nf3 Nf6 6. e4 Bg4 7. Be2 0-0 8. Nd2 Bxe2 9. Qxe2 Nh5 10. Nf3 Na6 11. 0-0 Nc7 12. Be3 a6 13. e5 Bh8 14. g4 Ng7 15. exd6 exd6 16. Ne4 Qe7 17. Bg5 f6 18. Nxf6+ Qxf6 19. Bxf6 Rxf6 20. Nd2 Re8 21. Ne4 Rf4 22. f3 h5 23. h3 hxg4 24. hxg4 Rd8 25. Qd2 Rff8 26. Qg5 b5 27. Qxg6 1-0

[Event "Lovfalds 13th C"]
[Site "Ringsted"]
[Date "1999.09.17"]
[Round "1"]
[White "Madsen, Morten"]
[Black "Krogh, Peter Ove"]
[Result "1-0"]
[WhiteElo "1870"]
[BlackElo "1987"]
[PlyCount "53"]
[EventDate "1999.09.17"]
[EventType "tourn"]
[EventRounds "5"]
[EventCountry "DEN"]
[SourceTitle "EXT 2023"]
[Source "ChessBase"]
[SourceDate "2022.10.05"]
[SourceVersion "1"]
[SourceVersionDate "2022.10.05"]
[SourceQuality "1"]

1. e4 c5 2. c3 Nf6 3. e5 Nd5 4. Nf3 Nc6 5. Bc4 Nc7 6. 0-0 b5 7. Bb3 c4 8. Bc2 g6 9. b3 Bg7 10. Re1 0-0 11. bxc4 bxc4 12. d4 cxd3 13. Bxd3 Bb7 14. Na3 Ne6 15. Rb1 Rb8 16. Be3 Ba8 17. Nc4 Qc7 18. Qa4 Rxb1 19. Rxb1 Bxe5 20. Nfxe5 Nxe5 21. Nxe5 Qxe5 22. Qxd7 Qxc3 23. Rc1 Qa3 24. Bf1 a5 25. Bh6 Rd8 26. Rc8 Qd6 27. Rxd8+ 1-0

[Event "Lovfalds 12th B"]
[Site "Ringsted"]
[Date "1998.09.18"]
[Round "1"]
[White "Madsen, Morten"]
[Black "Pedersen, Henrik Dahl"]
[Result "0-1"]
[WhiteElo "1924"]
[BlackElo "2048"]
[PlyCount "110"]
[EventDate "1998.09.18"]
[EventType "tourn"]
[EventRounds "5"]
[EventCountry "DEN"]
[SourceTitle "EXT 2023"]
[Source "ChessBase"]
[SourceDate "2022.10.05"]
[SourceVersion "1"]
[SourceVersionDate "2022.10.05"]
[SourceQuality "1"]

1. e4 e6 2. d4 d5 3. e5 c5 4. c3 Bd7 5. Nf3 Qb6 6. Be2 h5 7. 0-0 Nh6 8. dxc5 Bxc5 9. b4 Be7 10. a4 Nc6 11. b5 Na5 12. Nd4 h4 13. Be3 Qc7 14. f4 g6 15. Kh1 Nc4 16. Bxc4 Qxc4 17. Rf2 a6 18. Rc2 axb5 19. Rb2 Nf5 20. Nxf5 gxf5 21. a5 Bc6 22. Bd4 b4 23. cxb4 Bxb4 24. Ra4 Bxa4 25. Qxa4+ b5 26. Qxb4 Qxb4 27. Rxb4 Rxa5 28. Bb6 Ra2 29. Kg1 Kd7 30. Nc3 Ra1+ 31. Kf2 Rc8 32. Bd4 Rc4 33. Rxc4 bxc4 34. Ke2 h3 35. Kf2 Rc1 36. gxh3 Rc2+ 37. Ne2 Ke8 38. Bc5 Rb2 39. h4 Rb3 40. Nd4 Rb2+ 41. Ne2 Rb5 42. Bd4 Kf8 43. Kg3 Rb3+ 44. Kg2 Kg7 45. Kf2 Kh6 46. Kg2 Rd3 47. Bc3 Kh5 48. Be1 Rd1 49. Bf2 Rd2 50. Kf3 Rd3+ 51. Kg2 c3 52. Nc1 Rd1 53. Ne2 c2 54. Be3 d4 55. Bc1 d3 0-1

[Event "Lovsprings op 10th"]
[Site "Ringsted"]
[Date "1998.05.15"]
[Round "6"]
[White "Madsen, Morten"]
[Black "Krogh, Peter Ove"]
[Result "0-1"]
[WhiteElo "1976"]
[BlackElo "2019"]
[PlyCount "108"]
[EventDate "1998.03.13"]
[EventType "swiss"]
[EventRounds "7"]
[EventCountry "DEN"]
[SourceTitle "EXT 2018"]
[Source "ChessBase"]
[SourceDate "2017.10.13"]
[SourceVersion "1"]
[SourceVersionDate "2017.10.13"]
[SourceQuality "1"]

1. e4 c5 2. c3 Nf6 3. e5 Nd5 4. d4 cxd4 5. cxd4 d6 6. f4 Nc6 7. Nf3 Bg4 8. Bc4 dxe5 9. dxe5 e6 10. Bxd5 exd5 11. 0-0 Bc5+ 12. Kh1 0-0 13. Qc2 b6 14. Ng5 g6 15. Qa4 Rc8 16. Nc3 Bf5 17. Qd1 h6 18. g4 Be6 19. Nxe6 fxe6 20. Qd3 Kg7 21. Na4 Be7 22. a3 d4 23. b4 Qd5+ 24. Kg1 b5 25. Nb2 g5 26. Bd2 gxf4 27. Bxf4 Bg5 28. Bxg5 hxg5 29. Qd2 Qxe5 30. Rae1 Rxf1+ 31. Rxf1 Qe3+ 32. Qxe3 dxe3 33. Rc1 Ne7 34. Rxc8 Nxc8 35. Nd3 Nd6 36. Ne5 Ne4 37. Kf1 Kf6 38. Nc6 a6 39. Ke2 Nf2 40. Kxe3 Nxg4+ 41. Ke2 Nxh2 42. Nb8 g4 43. Nxa6 Nf3 44. Kf2 Nd4 45. Nc5 Nc2 46. Ne4+ Ke5 47. Nc3 Nxa3 48. Kg3 Kf5 49. Nd1 Nc2 50. Nc3 Nd4 51. Nd1 Nc2 52. Nc3 Nd4 53. Nd1 Kg5 54. Ne3 Nf5+ 0-1

[Event "Lovsprings op 10th"]
[Site "Ringsted"]
[Date "1998.03.27"]
[Round "3"]
[White "Preuss, Flemming"]
[Black "Madsen, Morten"]
[Result "1-0"]
[WhiteElo "2062"]
[BlackElo "1976"]
[PlyCount "61"]
[EventDate "1998.03.13"]
[EventType "swiss"]
[EventRounds "7"]
[EventCountry "DEN"]
[SourceTitle "EXT 2018"]
[Source "ChessBase"]
[SourceDate "2017.10.13"]
[SourceVersion "1"]
[SourceVersionDate "2017.10.13"]
[SourceQuality "1"]

1. e4 b6 2. f4 Bb7 3. Nc3 e6 4. Nf3 Bb4 5. Qe2 Nf6 6. d3 d5 7. e5 Nfd7 8. Bd2 h6 9. g3 d4 10. Ne4 Bxd2+ 11. Nfxd2 Na6 12. Bg2 Rb8 13. 0-0 0-0 14. a3 Nac5 15. Rae1 Qe7 16. Qf2 Nxe4 17. Nxe4 c5 18. g4 f5 19. gxf5 exf5 20. Nd6 Bxg2 21. Qxg2 Qe6 22. Rf3 Kh7 23. Rg3 Rg8 24. Qh3 Rbf8 25. Ne4 Qe8 26. Ng5+ Kh8 27. Nf3 Kh7 28. Kh1 g6 29. Reg1 b5 30. Ng5+ Kg7 31. Qxh6+ 1-0

[Event "Lovsprings op 09th"]
[Site "Ringsted"]
[Date "1997.05.02"]
[Round "6"]
[White "Madsen, Morten"]
[Black "Rasmussen, Per Arnt"]
[Result "1-0"]
[WhiteElo "1941"]
[BlackElo "1954"]
[PlyCount "101"]
[EventDate "1997.03.14"]
[EventType "swiss"]
[EventRounds "7"]
[EventCountry "DEN"]
[SourceTitle "EXT 2018"]
[Source "ChessBase"]
[SourceDate "2017.10.13"]
[SourceVersion "1"]
[SourceVersionDate "2017.10.13"]
[SourceQuality "1"]

1. e4 c5 2. c3 d5 3. e5 Nc6 4. d4 Bf5 5. Nf3 e6 6. Bb5 a6 7. Ba4 b5 8. Bc2 Bxc2 9. Qxc2 cxd4 10. cxd4 Rc8 11. Qd1 Qb6 12. 0-0 Nge7 13. Be3 Nf5 14. Nbd2 Be7 15. Nb3 h5 16. Rc1 a5 17. Bd2 b4 18. Be3 f6 19. exf6 gxf6 20. Kh1 h4 21. Nc5 Bxc5 22. Rxc5 Kf7 23. Qa4 Nd6 24. Nd2 Nb7 25. Rcc1 Ne7 26. Nf3 Nd6 27. Rxc8 Ndxc8 28. Rc1 Nd6 29. Qc2 Ne4 30. Qe2 Nf5 31. Kg1 h3 32. g3 Nxe3 33. fxe3 Qb8 34. Qc2 Qb5 35. Qd1 Ke7 36. Nh4 Kd7 37. Qg4 Qb8 38. Qg7+ Kd6 39. Ng6 Re8 40. Ne5 Nc5 41. Nf7+ Ke7 42. Rxc5 Rg8 43. Nd8+ Rxg7 44. Nc6+ Kd6 45. Nxb8 Rb7 46. Rc6+ Ke7 47. Na6 Rb5 48. Rxe6+ Kxe6 49. Nc7+ Kd6 50. Nxb5+ Kc6 51. a4 1-0

[Event "Lovsprings op 08th"]
[Site "Ringsted"]
[Date "1996.04.12"]
[Round "5"]
[White "Buhl, Poul"]
[Black "Madsen, Morten"]
[Result "1-0"]
[WhiteElo "2021"]
[BlackElo "1981"]
[PlyCount "85"]
[EventDate "1996.03.08"]
[EventType "swiss"]
[EventRounds "7"]
[EventCountry "DEN"]
[SourceTitle "EXT 2018"]
[Source "ChessBase"]
[SourceDate "2017.10.13"]
[SourceVersion "1"]
[SourceVersionDate "2017.10.13"]
[SourceQuality "1"]

1. c4 c6 2. d4 d5 3. Nf3 dxc4 4. Bf4 Nf6 5. a4 Qb6 6. Qc2 Nd5 7. Bd2 Be6 8. a5 Qb3 9. Qxb3 cxb3 10. e4 Nf6 11. Ng5 Bd7 12. Bc4 e6 13. e5 Nd5 14. Ne4 Be7 15. Bxb3 Na6 16. 0-0 0-0 17. Nbc3 Rfd8 18. f4 Nac7 19. Ne2 Rac8 20. N2g3 Nb5 21. Bc3 Nbxc3 22. bxc3 c5 23. dxc5 Bxc5+ 24. Nxc5 Rxc5 25. Ne4 Rc7 26. Rac1 Kf8 27. f5 Kg8 28. Bxd5 exd5 29. Nd6 Bc6 30. f6 g6 31. Rf4 Rcd7 32. Re1 Rc7 33. Nxf7 Kxf7 34. e6+ Kg8 35. e7 Rxe7 36. Rxe7 Rf8 37. Rg7+ Kh8 38. Rh4 h5 39. Rxg6 Kh7 40. Rg5 Rxf6 41. Rhxh5+ Rh6 42. Rxh6+ Kxh6 43. h4 1-0